Lesiones de la mano y la muñeca

I tiakina i:
Ngā taipitopito rārangi puna kōrero
Kaituhi matua: Irisarri Castro, Carlos (Author)
Hōputu: Pukapuka
Reo:Pāniora
I whakaputaina: Barcelona Paidotribo 2005
Putanga:1a. ed
Ngā marau:
Ngā Tūtohu: Tāpirihia he Tūtohu
Kāore He Tūtohu, Me noho koe te mea tuatahi ki te tūtohu i tēnei pūkete!

MARC

LEADER 00000nam a2200000 a 4500
001 UCH3241
003 CL-VaPUC
008 090722e20050000SP |||||||||||||||||spa|d
020 |a 8480198230 
082 0 4 |a 616.7  |b IRI  |2 21 
100 0 |a Irisarri Castro, Carlos  |e author  |9 538525 
245 1 0 |a Lesiones de la mano y la muñeca 
250 |a 1a. ed 
300 |a 179 p 
942 |c BK 
945 |d 20090722 00:00:00  |a cmena 
260 |a Barcelona  |b Paidotribo  |c 2005 
650 7 |a ENFERMEDADES DEL SISTEMA MUSCULO ESQUELETICO  |2 CL-VaPUC  |9 538526 
650 7 |a LESIONES DEPORTIVAS  |2 CL-VaPUC  |9 334240 
650 7 |a LUGAMENTOS DE LA MANO  |2 CL-VaPUC  |9 538527 
650 7 |a TENDONES  |2 CL-VaPUC  |9 415312 
650 7 |a FRACTURAS  |2 CL-VaPUC  |9 381294 
650 7 |a MANO  |2 CL-VaPUC  |9 407182 
650 7 |a MUÑECA  |2 CL-VaPUC  |9 409895 
650 7 |a TRATAMIENTO MEDICO  |2 CL-VaPUC  |9 371859 
583 |a last modification  |c 20090722 00:00:00  |k Rodrigo Vera 
999 |c 334858  |d 334856 
952 |0 0  |1 0  |4 0  |6 616_700000000000000_IRI_2005  |7 0  |8 A  |9 424100  |a BIBCUR  |b BIBCUR  |d 2019-11-22  |i 108917K  |o 616.7 IRI 2005  |p 108917K  |r 2025-04-22  |w 2019-11-22  |y BK  |k KIN